000 00607nam a22001817a 4500
005 20251108172206.0
008 250721s1990 xx 000 0 ara d
082 1 4 _a631.372/عبد
100 1 _aالصباغ، عبد الرحمن أيوب
245 1 0 _aالساحبات و معدات مكننة البساتين /
264 1 _aبغداد :
_bوزارة التعليم العالي و البحث العلمي،
_c1990.
300 _a304ص
650 1 7 _aالآلات الزراعية
650 1 7 _aالهندسة الزراعية
650 1 7 _aالجرارات
942 _2ddc
_cBK
999 _c72777
_d72777